| 000 | 03961cam a2201189 i 4500 | ||
|---|---|---|---|
| 003 | PE-LiUPU | ||
| 005 | 20250813185700.0 | ||
| 008 | 210719s2021 pe b 000 0 spa | ||
| 020 | _a9786125019080 | ||
| 040 |
_aDLC _bspa _cPE-LiUPU _erda _dPE-LiUPU |
||
| 050 | 0 | 0 |
_aKHQ2615 _b.R56 2021 |
| 082 |
_223 _a345.72 _bR585l |
||
| 100 | 1 |
_aRioja Bermúdez, Alexander, _eauthor. |
|
| 245 | 1 | 0 |
_aLitigación oral en el proceso civil / _cAlexander Rioja Bermúdez. |
| 250 | _aPrimera edición. | ||
| 264 | 1 |
_aLima, Perú : _bJurista Editores, _c2021. |
|
| 300 |
_a495 páginas ; _c24 centímetros. |
||
| 336 |
_atext _btxt _2rdacontent |
||
| 337 |
_aunmediated _bn _2rdamedia |
||
| 338 |
_avolume _bnc _2rdacarrier |
||
| 504 | _aIncluye referencias bibliográficas | ||
| 505 | _aEl proceso -- La postulación del proceso y la teoría del caso en el sistema de oralidad -- Alegato de apertura -- La audiencia preliminar -- Saneamiento procesal en litigación oral -- La audiencia de juzgamiento -- Principios generales dela actividad probatoria -- Teoría de la prueba y proceso civil oral -- Carga probatoria -- Prueba de oficio -- Medios probatorios de actuación en el sistema de oralidad -- La pericia -- La declaración testimonial -- La prueba documental -- Declaración de parte -- La inspección judicial -- Desarrollo de la audiencia de juzgamiento -- Alegato de clausura -- La sentencia -- Protocolo de actuación para el módulo civil corporativo de litigación oral de la corte superior de justicia de Lima -- Reglamento del módulo civil corporativo de litigación oral de la corte superior de justicia de Lima -- Estructura de cuadro para asignación de personal del primer módulo civil corporativo de litigación oral de la corte superior de justicia de Lima -- Manual de organización y funciones del módulo civil corporativo de litigación oral de la corte superior de justicia de Lima. | ||
| 526 | _aP202 | ||
| 526 | _aP201 | ||
| 526 | _aP163 | ||
| 526 | _aP162 | ||
| 526 | _aP161 | ||
| 526 | _aP160 | ||
| 526 | _aP148 | ||
| 526 | _aP147 | ||
| 526 | _aP146 | ||
| 526 | _aP145 | ||
| 526 | _aP144 | ||
| 526 | _aP143 | ||
| 526 | _aP142 | ||
| 526 | _aP141 | ||
| 526 | _aP140 | ||
| 526 | _aP139 | ||
| 526 | _aP138 | ||
| 526 | _aP137 | ||
| 526 | _aP136 | ||
| 526 | _aP135 | ||
| 526 | _aP134 | ||
| 526 | _aP133 | ||
| 526 | _aP129 | ||
| 526 | _aP128 | ||
| 526 | _aP127 | ||
| 526 | _aP120 | ||
| 526 | _aP119 | ||
| 526 | _aP118 | ||
| 526 | _aP116 | ||
| 526 | _aP115 | ||
| 526 | _aP114 | ||
| 526 | _aP110 | ||
| 526 | _aP109 | ||
| 526 | _aP108 | ||
| 526 | _aP104 | ||
| 526 | _aP103 | ||
| 526 | _aP102 | ||
| 526 | _aP99 | ||
| 526 | _aP98 | ||
| 526 | _aP97 | ||
| 526 | _aP96 | ||
| 526 | _aP95 | ||
| 526 | _aP93 | ||
| 526 | _aP90 | ||
| 526 | _aP89 | ||
| 526 | _aP88 | ||
| 526 | _aP83 | ||
| 526 | _aP82 | ||
| 526 | _aP62 | ||
| 526 | _aP59 | ||
| 526 | _aP58 | ||
| 526 | _aP57 | ||
| 526 | _aP51 | ||
| 526 | _aP49 | ||
| 526 | _aP48 | ||
| 526 | _aP47 | ||
| 526 | _aP29 | ||
| 526 | _aP24 | ||
| 526 | _aP20 | ||
| 526 | _aP19 | ||
| 526 | _aP17 | ||
| 526 | _aP15 | ||
| 526 | _aP14 | ||
| 526 | _aP12 | ||
| 526 | _aP10 | ||
| 526 | _aP09 | ||
| 526 | _aP08 | ||
| 526 | _aP07 | ||
| 526 | _aP06 | ||
| 526 | _aP05 | ||
| 526 | _aP04 | ||
| 526 | _aP01 | ||
| 556 |
_a10444184961 E001-106
_z9786125019080 |
||
| 650 | 1 | 8 |
_aAlegatos (Derecho) _zPerú. _92836 |
| 650 | 2 | 8 |
_aProcedimiento civil _zPerú. _92837 |
| 942 |
_2ddc _cBK _n0 |
||
| 999 |
_c62036 _d62036 |
||
| 980 |
_618226 _aJaime Vilcazán Jefe de Análisis Documental _81 _gALBERTO SANCHEZ Responsable de Automatización |
||